000
00351nam a2200169Ia 4500
100
_a
Laxman/R.K
650
_a
Fiction
942
_c
BK
366
_f
17.5
654
_a
budget
245
_a
The common man balances his budget
260
_b
Penquin books
_c
2000
082
_a
808.83/LAX
_b
LAX
300
_a
224
546
_a
ENGLISH
999
_c
20215
_d
20215